| 000 | 00418nam a2200169Ia 4500 | ||
|---|---|---|---|
| 008 | 230524s9999 xx 000 0 und d | ||
| 082 |
_a658.895 _bMAM |
||
| 100 | _aC.B.Mamoria | ||
| 245 | 2 | _aA Text Book of Human Resource Management | |
| 250 | _a4TH | ||
| 260 |
_aNEW DELHI _bHimalayan _c2005 |
||
| 300 | _aXI;398 | ||
| 500 | _aQuantity Number: 2 | ||
| 650 | _aManagement | ||
| 700 | _a S.V.Gankar | ||
| 942 | _cBK | ||
| 999 |
_c34278 _d34278 |
||